'Y' Game Quiz Stats

 Plays Quiz Updated Oct 31, 2018

Score 0/25 Timer 06:00
0 Plays Today
% Correct
Yellow
98.5%
Yale
93.1%
Yemen
92.5%
Yen
87.8%
Yahoo
74.9%
Yoda
68.9%
Yellow Submarine
66.6%
Yukon
63.5%
Boris Yeltsin
61.6%
Yesterday
56.4%
You Only Live Twice
54.1%
New York Yankees
49.4%
Yorkshire Terrier
45.3%
% Correct
YouTube
45.1%
Yttrium
41.1%
Yahtzee
40.9%
Steve Young
40.6%
Yuan
33.7%
Ytterbium
33.4%
Yakko
32.3%
Yerevan
30.5%
Yaounde
24.2%
Yaren
22%
Yamoussoukro
21.6%
You Can't Take It With You
18%

You're not logged in!

Compare scores with friends on all Sporcle quizzes.
OR
Log In

Sporcle TV

Today on Sporcle TV


Watch our educational content, quiz creation guides, and fun videos on Sporcle TV.

Show Comments

Extras

Top Quizzes Today


Score Distribution

Your Account Isn't Verified!

In order to create a playlist on Sporcle, you need to verify the email address you used during registration. Go to your Sporcle Settings to finish the process.

Report this User

Report this user for behavior that violates our Community Guidelines.

Details: